00743cam a2200205 a 450000100100000000500170001000800410002702000150006804000180008308200200010110000300012124501090015126001170026030000270037744000270040450400330043165000190046465000330048370000210051600000936120200929161552.0930129s1990 fr b 001 f spa  a8400070232 aDO-SdBNPcDLC aPe863.44bA694z1 aArguedas, José María.13aEl zorro de arriba y el zorro de abajo /cJosé María Arguedas ; edición crítica, Eve-Marie Fell. a[Madrid], (España) :bArchivos CSIC ;bUniversite Paris X ;bCentre de Recherches Latino-Américaines,c1990. axxxi, 462 p. ;c25 cm. 0aColeccion Archivosv14 aBibliografías: p. 444-462. 4aNovela peruana 4aLiteratura peruanaySIGLO XX1 aFell, Eve-Marie,